| 000 | 00642nam a22002417a 4500 | ||
|---|---|---|---|
| 003 | UA-OsUOA | ||
| 001 | 29662 | ||
| 007 | ta | ||
| 008 | 20041020b un ||||| |||| 00| 0 ukr d | ||
| 100 | _aКулінська Л. П. | ||
| 090 |
_a82.09(477) _bК90 |
||
| 942 | _cBK | ||
| 040 |
_aUA-OsUOA _bukr _cUA-OsUOA _dUA-OsUOA |
||
| 245 |
_aУ світі ідей та образів _b(Особливості поетики драми Лесі Українки) |
||
| 300 | _a224 с. | ||
| 955 | _a0 | ||
| 041 | _aukr | ||
| 080 | _a82.09(477) | ||
| 260 |
_aКиїв _bДніпро _c1971 |
||
| 044 | _aUA | ||
| 650 | 7 | _2UDC | |
| 999 |
_c316057 _d316057 |
||